|
|
|
|
| LEADER |
00000nas a22000007a 4500 |
| 005 |
20130315104106.0 |
| 007 |
cr|||| |||| |
| 008 |
130315c19889999sp fr|p s|||| 0|||b1spa d |
| 022 |
|
|
|a 2140314
|
| 035 |
|
|
|a 7178
|
| 040 |
|
|
|a vLex
|
| 090 |
|
|
|c 3925
|d 3925
|
| 245 |
0 |
0 |
|a Cuadernos de trabajo social
|h [Recurso electrn̤ico]
|
| 256 |
|
|
|a Servicio en ln̕ea
|
| 260 |
|
|
|a Madrid :
|b Universidad Complutense de Madrid,
|c 1988-
|
| 300 |
|
|
|a 1 Recurso electrn̤ico
|
| 506 |
|
|
|d vLex Global
|d vLex Global (Academic Edition, excluding Law Schools)
|d vLex Global (U.S. Academic Edition, Law Schools)
|d vLex Global (U.S. Academic Edition, excluding Law Schools)
|d vLex Global (Academic Edition, Law Schools)
|
| 650 |
0 |
4 |
|a Trabajo social
|v Revistas
|
| 650 |
0 |
4 |
|a Derecho laboral y Seguridad Social
|v Revistas
|
| 740 |
|
|
|a vLex Revistas (Servicio en ln̕ea)
|
| 856 |
|
|
|a Acceso restringido
|u http://www.vlex.com/source/7178
|
| 942 |
|
|
|c REV
|
| 999 |
|
0 |
|a Social service
|